[Event "Fagernes Norsk op-A"]
[Site "Fagernes"]
[Date "2014.04.19"]
[Round "8"]
[White "Loberg, Jo Kristian"]
[Black "Merkesvik, Sondre"]
[Result "0-1"]
[WhiteElo "2039"]
[BlackElo "2042"]
[PlyCount "80"]
[EventDate "2014.04.13"]
[EventType "swiss"]
[EventRounds "9"]
[EventCountry "NOR"]
[SourceTitle "CBM 159 Extra"]
[Source "ChessBase"]
[SourceDate "2014.04.24"]
[SourceVersion "1"]
[SourceVersionDate "2014.04.24"]
[SourceQuality "1"]

1. e4 c5 2. Nf3 d6 3. d4 cxd4 4. Nxd4 Nf6 5. f3 e5 6. Nb3 d5 7. Bg5 dxe4 8. Qxd8+ Kxd8 9. fxe4 Bb4+ 10. N1d2 Be6 11. 0-0-0 Nbd7 12. Nc4 Kc7 13. Bxf6 Nxf6 14. c3 Be7 15. Nxe5 Nxe4 16. Re1 Bg5+ 17. Kc2 Nf2 18. Rg1 Bf5+ 19. Bd3 Nxd3 20. Nxd3 Rad8 21. Nd4 Bg6 22. Re5 Bf6 23. Rc5+ Kb8 24. Rc4 Rd6 25. Rf1 Rhd8 26. Rf4 Be5 27. Rh4 Bf6 28. Rf4 b6 29. h4 Kb7 30. Kd2 R8d7 31. Nf2 Be5 32. Rf3 Bxd4 33. cxd4 Rxd4+ 34. Kc3 Rd2 35. g3 Re2 36. Rb4 f6 37. Nd3 Rc7+ 38. Kb3 a5 39. Rd4 b5 40. Nf4 Bc2+ 0-1

[Event "Fagernes Norsk op-A"]
[Site "Fagernes"]
[Date "2014.04.18"]
[Round "7"]
[White "Loberg, Jo Kristian"]
[Black "Haria, Ravi"]
[Result "1/2-1/2"]
[WhiteElo "2039"]
[BlackElo "2207"]
[PlyCount "155"]
[EventDate "2014.04.13"]
[EventType "swiss"]
[EventRounds "9"]
[EventCountry "NOR"]
[SourceTitle "CBM 159 Extra"]
[Source "ChessBase"]
[SourceDate "2014.04.24"]
[SourceVersion "1"]
[SourceVersionDate "2014.04.24"]
[SourceQuality "1"]

1. e4 e6 2. d4 d5 3. Nc3 Nc6 4. e5 Nge7 5. Bg5 h6 6. Bxe7 Qxe7 7. a3 Bd7 8. Qd2 f6 9. exf6 Qxf6 10. 0-0-0 g5 11. Bb5 Bd6 12. Kb1 0-0-0 13. f3 a6 14. Ba4 Ne7 15. Bb3 Bf4 16. Qf2 Nf5 17. Rd3 Rdf8 18. Nge2 Bd6 19. Ng3 Nh4 20. h3 h5 21. Nf1 Be8 22. Ne2 Bb5 23. Rd1 g4 24. hxg4 hxg4 25. Nd2 gxf3 26. Nxf3 Nxf3 27. gxf3 Rxh1 28. Rxh1 Qxf3 29. Qxf3 Rxf3 30. Nc1 Bc4 31. Re1 Kd7 32. c3 Bxb3 33. Nxb3 b6 34. Re2 c5 35. Kc2 Rh3 36. Nd2 cxd4 37. cxd4 Rh2 38. Rxh2 Bxh2 39. a4 Bd6 40. Nf3 Ke7 41. Kd3 Bf4 42. b3 Kd7 43. Ne1 Kc6 44. Kc3 b5 45. axb5+ Kxb5 46. Nc2 Bd6 47. Kd3 Bf4 48. Ke2 Bc1 49. Kd3 a5 50. Kc3 Kb6 51. Kd3 Kc6 52. Ke2 Kb5 53. Kd3 Bb2 54. Ke3 Bc3 55. Kd3 Bb4 56. Ke3 Be7 57. Kd3 Bd8 58. Ke3 Be7 59. Kd3 Bd6 60. Ke3 a4 61. bxa4+ Kc4 62. a5 Bb8 63. Ne1 Kb5 64. Kd3 Kxa5 65. Nf3 Bf4 66. Nh4 Kb5 67. Ng6 Bd6 68. Nh4 Kc6 69. Nf3 Kd7 70. Ng5 Ke7 71. Nf3 Kf6 72. Nd2 Kf5 73. Nb3 Bb4 74. Na1 Kf4 75. Nc2 Bd6 76. Ne3 Bb8 77. Nc2 Ba7 78. Nb4 1/2-1/2

[Event "Fagernes Norsk op"]
[Site "Fagernes"]
[Date "2013.03.24"]
[Round "5"]
[White "Loberg, Jo Kristian"]
[Black "Johannessen, Leif Erlend"]
[Result "0-1"]
[WhiteElo "2056"]
[BlackElo "2521"]
[PlyCount "146"]
[EventDate "2013.03.24"]
[EventType "swiss"]
[EventRounds "9"]
[EventCountry "NOR"]
[SourceTitle "CBM 153 Extra"]
[Source "ChessBase"]
[SourceDate "2013.04.22"]
[SourceVersion "1"]
[SourceVersionDate "2013.04.22"]
[SourceQuality "1"]

1. e4 d6 2. d4 Nf6 3. Bd3 e5 4. c3 d5 5. dxe5 Nxe4 6. Bxe4 dxe4 7. Qa4+ Bd7 8. Qxe4 Bc6 9. Qg4 h5 10. Qh3 Qd7 11. f3 Bc5 12. Bf4 f6 13. exf6 0-0 14. Qxd7 Nxd7 15. Nd2 Rfe8+ 16. Kd1 Nxf6 17. Kc2 Bd7 18. Rd1 Bf5+ 19. Kb3 Be6+ 20. Kc2 Nd5 21. Ne2 Bf5+ 22. Ne4 c6 23. Bc1 Bxe4+ 24. fxe4 Rxe4 25. Ng3 Rg4 26. Nxh5 Rxg2+ 27. Rd2 Rg4 28. Ng3 Rf8 29. Re1 Rh4 30. Re4 Rh3 31. Rg2 Rf2+ 32. Re2 Rxe2+ 33. Rxe2 Bd6 34. Rg2 Rh4 35. Kb3 Rg4 36. Bd2 Kh7 37. Be1 Kg6 38. Re2 Kf7 39. Nf5 Bf8 40. Bg3 g6 41. Nd6+ Bxd6 42. Bxd6 b5 43. Kc2 Ra4 44. a3 a5 45. b3 Rh4 46. Bg3 Rg4 47. Rf2+ Ke6 48. Kd3 a4 49. c4 Nb6 50. Re2+ Kd7 51. cxb5 cxb5 52. Re5 axb3 53. Rxb5 Na4 54. Rxb3 Nc5+ 55. Kc2 Nxb3 56. Kxb3 Kc6 57. Kc3 Kc5 58. Bf2+ Kb5 59. Bg3 Rc4+ 60. Kb3 Re4 61. Kc3 Re3+ 62. Kb2 Kc4 63. Bd6 Re2+ 64. Kc1 Kd5 65. Bg3 Ra2 66. Kd1 Rxa3 67. Ke2 Ke4 68. Kd2 Rxg3 69. hxg3 Kf3 70. Ke1 Kxg3 71. Kf1 g5 72. Kg1 g4 73. Kh1 Kf2 0-1

[Event "Lienz op 17th"]
[Site "Lienz"]
[Date "2013.02.10"]
[Round "2"]
[White "Loberg, Jo Kristian"]
[Black "Breuer, Andre"]
[Result "1/2-1/2"]
[WhiteElo "2041"]
[BlackElo "1884"]
[PlyCount "30"]
[EventDate "2013.02.09"]
[EventType "swiss"]
[EventRounds "9"]
[EventCountry "AUT"]
[SourceTitle "CBM 152 Extra"]
[Source "ChessBase"]
[SourceDate "2013.02.25"]
[SourceVersion "1"]
[SourceVersionDate "2013.02.25"]
[SourceQuality "1"]

1. e4 d5 2. exd5 Qxd5 3. Nc3 Qa5 4. d4 Nf6 5. Nf3 c6 6. Ne5 Bf5 7. g4 Be6 8. Bf4 Nbd7 9. Nc4 Bxc4 10. Bxc4 e6 11. a3 Ne4 12. Qd3 Nxc3 13. Bd2 Ne5 14. dxe5 Qxe5+ 15. Be3 Nd5 1/2-1/2

[Event "NOR-chB"]
[Site "Sandefjord"]
[Date "2012.07.07"]
[Round "1"]
[White "Loberg, Jo Kristian"]
[Black "Hobber, Anders"]
[Result "0-1"]
[WhiteElo "2080"]
[BlackElo "2234"]
[PlyCount "56"]
[EventDate "2012.07.07"]
[EventType "swiss"]
[EventRounds "9"]
[EventCountry "NOR"]
[SourceTitle "EXT 2024"]
[Source "ChessBase"]
[SourceDate "2023.10.10"]
[SourceVersion "1"]
[SourceVersionDate "2023.10.10"]
[SourceQuality "1"]

1. e4 g6 2. d4 Bg7 3. Nf3 d6 4. c4 Bg4 5. Be2 Nf6 6. Nc3 0-0 7. 0-0 Na6 8. Be3 c5 9. Rc1 cxd4 10. Nxd4 Bxe2 11. Qxe2 Nc5 12. f3 Ne6 13. Nc2 Nd7 14. Nb4 Nd4 15. Qf2 Nc6 16. Nbd5 Nde5 17. Qe2 e6 18. Nf4 Qe7 19. b3 f5 20. exf5 Rxf5 21. Nb5 Raf8 22. Rcd1 Rxf4 23. Bxf4 Rxf4 24. Qd2 Rf8 25. Qxd6 Qh4 26. Qxe6+ Kh8 27. Nd6 Nd4 28. Rf2 Nxe6 0-1

[Event "Liberec op 10th"]
[Site "Liberec"]
[Date "2009.10.28"]
[Round "6"]
[White "Loberg, Jo Kristian"]
[Black "Cakl, Zdenek"]
[Result "1/2-1/2"]
[WhiteElo "1891"]
[BlackElo "2136"]
[PlyCount "43"]
[EventDate "2009.10.24"]
[EventType "swiss"]
[EventRounds "9"]
[EventCountry "CZE"]
[SourceTitle "EXT 2010"]
[Source "ChessBase"]
[SourceDate "2010.11.25"]
[SourceVersion "1"]
[SourceVersionDate "2010.11.25"]
[SourceQuality "1"]

1. e4 c5 2. Nf3 d6 3. d4 cxd4 4. Nxd4 Nf6 5. Nc3 g6 6. Bc4 Bg7 7. f3 0-0 8. Be3 Nc6 9. Qd2 Bd7 10. 0-0-0 Na5 11. Bb3 Nxb3+ 12. cxb3 a6 13. Kb1 b5 14. g4 a5 15. Ndxb5 Bxb5 16. Nxb5 a4 17. bxa4 Rxa4 18. Nc3 Ra5 19. Bh6 Bxh6 20. Qxh6 Qb6 21. Qd2 Rb8 22. h4 1/2-1/2

[Event "Liberec op 10th"]
[Site "Liberec"]
[Date "2009.10.28"]
[Round "5"]
[White "Sisak, Richard"]
[Black "Loberg, Jo Kristian"]
[Result "0-1"]
[WhiteElo "2060"]
[BlackElo "1891"]
[PlyCount "52"]
[EventDate "2009.10.24"]
[EventType "swiss"]
[EventRounds "9"]
[EventCountry "CZE"]
[SourceTitle "EXT 2010"]
[Source "ChessBase"]
[SourceDate "2010.11.25"]
[SourceVersion "1"]
[SourceVersionDate "2010.11.25"]
[SourceQuality "1"]

1. d4 d5 2. Bg5 h6 3. Bh4 c6 4. Nf3 Bf5 5. Nbd2 Nd7 6. c4 Qb6 7. cxd5 cxd5 8. b3 e6 9. e3 Ba3 10. e4 dxe4 11. Nc4 Bb4+ 12. Nfd2 Qxd4 13. Bg3 b5 14. a3 bxc4 15. axb4 cxb3 16. Bb5 Ngf6 17. Bxd7+ Nxd7 18. Nxb3 Qxb4+ 19. Nd2 e3 20. fxe3 Bd3 21. Ra4 Qc3 22. Rd4 e5 23. Rxd7 Kxd7 24. Qg4+ Ke7 25. Qxg7 Qc1+ 26. Kf2 Qxd2+ 0-1

[Event "Gibraltar Challengers"]
[Site "Gibraltar"]
[Date "2009.02.02"]
[Round "2"]
[White "Suez Panama, Gilles"]
[Black "Loberg, Jo Kristian"]
[Result "1/2-1/2"]
[WhiteElo "2032"]
[BlackElo "1923"]
[PlyCount "31"]
[EventDate "2009.02.01"]
[EventType "swiss"]
[EventRounds "5"]
[EventCountry "ENG"]
[SourceTitle "CBM 128 Extra"]
[Source "ChessBase"]
[SourceDate "2009.03.05"]
[SourceVersion "2"]
[SourceVersionDate "2009.03.25"]
[SourceQuality "1"]

1. d4 Nf6 2. c4 e6 3. Nf3 b6 4. a3 Bb7 5. Nc3 Ne4 6. Nxe4 Bxe4 7. Nd2 Bb7 8. e4 Be7 9. Bd3 d6 10. 0-0 Nd7 11. b4 0-0 12. Bb2 c5 13. d5 exd5 14. exd5 Bf6 15. Bxf6 Nxf6 16. b5 1/2-1/2

[Event "Gibraltar Masters 7th"]
[Site "Gibraltar"]
[Date "2009.02.01"]
[Round "6"]
[White "Fryer, David William"]
[Black "Loberg, Jo Kristian"]
[Result "1-0"]
[WhiteElo "2080"]
[BlackElo "1923"]
[PlyCount "89"]
[EventDate "2009.01.27"]
[EventType "swiss"]
[EventRounds "10"]
[EventCountry "ENG"]
[SourceTitle "CBM 128 Extra"]
[Source "ChessBase"]
[SourceDate "2009.03.05"]
[SourceVersion "2"]
[SourceVersionDate "2009.03.25"]
[SourceQuality "1"]

1. e4 c5 2. Nc3 d6 3. g3 Nc6 4. Bg2 g6 5. d3 Bg7 6. Be3 Be6 7. Qd2 Qd7 8. h3 h6 9. Nge2 Nf6 10. Nf4 a6 11. Nxe6 fxe6 12. 0-0 Nd4 13. Nd1 e5 14. c3 Nc6 15. Rb1 h5 16. f3 Rc8 17. a3 b5 18. b4 cxb4 19. axb4 Ra8 20. Nf2 Qc7 21. h4 0-0 22. Nh3 Nh7 23. Ng5 Nxg5 24. Bxg5 a5 25. bxa5 Rxa5 26. Bh3 Nd8 27. Rb3 Bf6 28. Be3 e6 29. Rfb1 Qc6 30. Qf2 Rf7 31. Bb6 Ra6 32. Bxd8 Bxd8 33. Bxe6 Bb6 34. Bxf7+ Kxf7 35. d4 exd4 36. cxd4 Qc4 37. Kh1 Bxd4 38. Qf1 Qc2 39. Rxb5 Ra2 40. Qh3 Kg7 41. Qd7+ Kh6 42. Rxh5+ gxh5 43. Qe6+ Kh7 44. Rb7+ Bg7 45. Qf5+ 1-0

[Event "Gibraltar Challengers1"]
[Site "Gibraltar"]
[Date "2009.01.31"]
[Round "5"]
[White "Manetto, Luis"]
[Black "Loberg, Jo Kristian"]
[Result "0-1"]
[WhiteElo "1602"]
[BlackElo "1923"]
[PlyCount "84"]
[EventDate "2009.01.27"]
[EventType "tourn"]
[EventRounds "5"]
[EventCountry "ENG"]
[SourceTitle "EXT 2010"]
[Source "ChessBase"]
[SourceDate "2010.11.25"]
[SourceVersion "1"]
[SourceVersionDate "2010.11.25"]
[SourceQuality "1"]

1. e4 c5 2. Nf3 d6 3. d4 cxd4 4. Nxd4 Nf6 5. Nc3 a6 6. Be2 e5 7. Nb3 Be6 8. Be3 Be7 9. Qd2 Nbd7 10. f3 Rc8 11. a4 0-0 12. a5 Qc7 13. 0-0 Rfd8 14. Rac1 Bxb3 15. cxb3 Qxa5 16. Nd5 Qxd2 17. Nxe7+ Kf8 18. Ng6+ hxg6 19. Bxd2 Ke7 20. Bb4 g5 21. Rfd1 Ne8 22. Bc4 Nf8 23. Bd5 Rxc1 24. Rxc1 Rd7 25. Bd2 f6 26. Rc8 b5 27. Bc6 Rd8 28. Rxd8 Kxd8 29. Bb7 Nc7 30. Ba5 Kd7 31. Bxc7 Kxc7 32. Bxa6 Kb6 33. Bc8 Kc5 34. Kf2 Kb4 35. Ba6 Ne6 36. Ke3 Nc5 37. Bc8 Kxb3 38. g3 Kxb2 39. h4 gxh4 40. gxh4 Kc3 41. Bh3 b4 42. Ke2 b3 0-1

[Event "Gibraltar Challengers1"]
[Site "Gibraltar"]
[Date "2009.01.28"]
[Round "2"]
[White "Loberg, Jo Kristian"]
[Black "Natalicchio Escalante, Ricardo Nicolas"]
[Result "0-1"]
[WhiteElo "1923"]
[BlackElo "2238"]
[PlyCount "98"]
[EventDate "2009.01.27"]
[EventType "tourn"]
[EventRounds "5"]
[EventCountry "ENG"]
[SourceTitle "EXT 2010"]
[Source "ChessBase"]
[SourceDate "2010.11.25"]
[SourceVersion "1"]
[SourceVersionDate "2010.11.25"]
[SourceQuality "1"]

1. e4 c5 2. Nf3 d6 3. d4 cxd4 4. Nxd4 Nf6 5. Nc3 g6 6. Be3 Bg7 7. Bc4 0-0 8. Bb3 Nc6 9. f3 Bd7 10. Qd2 Rc8 11. 0-0-0 Nxd4 12. Bxd4 b5 13. h4 a5 14. e5 dxe5 15. Bxe5 Bc6 16. Qxd8 Rfxd8 17. a4 b4 18. Ne2 Nd7 19. Bxg7 Kxg7 20. Nd4 Bb7 21. Rhe1 Nc5 22. Kb1 e6 23. Ka2 Nxb3 24. cxb3 Rd5 25. Nb5 Rc2 26. Rxd5 Bxd5 27. Rg1 Kf6 28. g3 Rf2 29. f4 Rf3 30. Kb1 Bxb3 31. Nd4 Rd3 32. Nc6 Rd5 33. Rc1 Bxa4 34. Ne5 Rd1 35. Rxd1 Bxd1 36. Kc1 Ba4 37. Nc4 Kf5 38. Nxa5 Kg4 39. b3 Bb5 40. Nb7 Kxg3 41. Nd6 Bc6 42. Nxf7 Kxf4 43. Ng5 h5 44. Nxe6+ Kg4 45. Kd2 Kxh4 46. Ke2 Kg3 47. Kf1 h4 48. Nd4 Bf3 49. Kg1 h3 0-1

[Event "Oslo Johannessen Memorial"]
[Site "Oslo"]
[Date "2008.06.28"]
[Round "3"]
[White "Loberg, Jo Kristian"]
[Black "Mellem, Nicolas Axel"]
[Result "1/2-1/2"]
[WhiteElo "1908"]
[BlackElo "2131"]
[PlyCount "137"]
[EventDate "2008.06.27"]
[EventType "swiss"]
[EventRounds "9"]
[EventCountry "NOR"]
[SourceTitle "CBM 125 Extra"]
[Source "ChessBase"]
[SourceDate "2008.09.01"]
[SourceVersion "1"]
[SourceVersionDate "2008.09.01"]
[SourceQuality "1"]

1. e4 c5 2. Nf3 Nc6 3. d4 cxd4 4. Nxd4 g6 5. Nc3 Bg7 6. Be3 Nf6 7. Bc4 0-0 8. Bb3 d6 9. f3 Bd7 10. Qd2 Rc8 11. 0-0-0 Na5 12. h4 h5 13. Bh6 Nc4 14. Bxc4 Rxc4 15. Bxg7 Kxg7 16. Qg5 Rc5 17. Qe3 a5 18. Nb3 Rc4 19. e5 Ne8 20. Nd2 Rc6 21. Rhe1 Be6 22. Nde4 Qb8 23. exd6 Nxd6 24. Nxd6 Rxd6 25. Qe5+ Kg8 26. Rxd6 Qxd6 27. Qxd6 exd6 28. Ne4 Rd8 29. Rd1 d5 30. Nc5 b6 31. Nxe6 fxe6 32. f4 Kf7 33. Re1 Kf6 34. Re5 Rc8 35. g3 b5 36. Kd2 Rc4 37. Re3 Rd4+ 38. Rd3 Re4 39. Re3 Rd4+ 40. Rd3 Ra4 41. Ra3 Rd4+ 42. Rd3 Re4 43. Re3 Kf5 44. a3 Rc4 45. Re5+ Kf6 46. Re3 Ke7 47. Re5 Kf6 48. Re3 Ke7 49. Re5 Rd4+ 50. Ke2 Rc4 51. Kd2 Rc6 52. Re3 b4 53. Rb3 Rc4 54. axb4 axb4 55. c3 bxc3+ 56. Rxc3 Re4 57. Re3 Rb4 58. b3 Rd4+ 59. Rd3 Re4 60. Re3 Rb4 61. Kc3 Rb8 62. Re5 Rc8+ 63. Kb2 Kd6 64. Re2 d4 65. Re4 Kd5 66. Re5+ Kd6 67. Re4 Kd5 68. Re5+ Kd6 69. Re4 1/2-1/2